zpět

Detail výsledku týmu

Bar 22, Choceň

Datum a čas kvízu

31 Celkem bodů Celkový počet nahraných bodů na tomto kvízu bez doplňovacích otázek.
3. Pořadí na kvízu Konečné umístění týmu na tomto kvízu.

Zaznamenané odpovědi

# Otázka Odpověď Body Výsledky
1. Uveďte lidový název pěvce, jen... černohlávek 1
2. Jeden americký stát zasáhla vl... Florida 1
3. Jak se jmenuje festival zaměře... D) P*fest 0
4. Do aukční historie se nově zap... Rembrandt (Harmenszoon van Rijn) 0
5. Ještě před slavnostním zahájen... vyčural nápis do sněhu 0
6. 29. května roku 1500 umírá pob... Bartolomeu Dias 0
7. 1. ledna 1700 jeden ruský car... Petr I. Veliký 0
8. Za kulatý letopočet budeme dne... Brouček 1
9. 16. listopadu 1900 se v Olomou... Eliška Junková 0
10. Od 15. září do 1. října 2000 s... Jan Železný; Sydney 0